000 00241nam a2200097Ia 4500
001 651428
005 20250826154419.0
008 250824s9999 xx 000 0 und d
245 0 _aIŞIK DOĞUDAN GELİR
_cCEMİL MERİÇ
260 _bİLETİŞİM
999 _c651428
_d651428